000 00444nam a2200181Ia 4500
003 0STCL
008 150530s9999 xx 000 0 und d
040 _aSTCL
_cSTCL
100 _aThayattu Sankaran
245 _aBharathiya Navothranathinte Rooparekha
250 _a1
260 _bKerala Sahitya Academi; Thrissur
_c2000
_aThrissur
300 _a0
546 _aMalayalam
942 _2ddc
_cBK
999 _c79724
_d79724
005 20220125171727.0